000
00278nam a2200109Ia 4500
008
230822s2015 xx 000 0 und d
041
_a
eng
100
_a
GILL R.W.
245
_a
RENDERING WITH PEN AND INK
260
_b
AFFILIATED EAST-WEST PRESS PVT. LTD.
_c
2015
300
_a
300
999
_c
859344
_d
859344